[Event "World Chess Olympiad 2018"]
[Site "Batumi"]
[Date "2018.10.03"]
[Round "9"]
[Board "2"]
[WhiteFideId "14204118"]
[White "Abdusattorov Nodirbek"]
[BlackFideId "4202031"]
[Black "Banikas Hristos"]
[Result "1/2-1/2"]
[LiveChessVersion "1.4.8"]
[BlackElo "2601"]
[WhiteElo "2558"]

1. e4 {[%clk 1:30:55]} c5 {[%clk 1:30:52]} 2. Nf3 {[%clk 1:31:19]} d6
{[%clk 1:31:15]} 3. d4 {[%clk 1:31:22]} cxd4 {[%clk 1:31:38]} 4. Nxd4
{[%clk 1:31:49]} Nf6 {[%clk 1:31:58]} 5. Nc3 {[%clk 1:32:15]} a6 {[%clk 1:32:20]}
6. h3 {[%clk 1:32:41]} e5 {[%clk 1:32:45]} 7. Nde2 {[%clk 1:32:58]} h5
{[%clk 1:33:10]} 8. Bg5 {[%clk 1:32:35]} Be6 {[%clk 1:33:31]} 9. Bxf6
{[%clk 1:31:42]} Qxf6 {[%clk 1:33:55]} 10. Nd5 {[%clk 1:32:04]} Qd8
{[%clk 1:34:17]} 11. Nec3 {[%clk 1:32:24]} g6 {[%clk 1:34:27]} 12. Bc4
{[%clk 1:30:01]} Bh6 {[%clk 1:32:51]} 13. O-O {[%clk 1:29:43]} O-O
{[%clk 1:30:53]} 14. a4 {[%clk 1:26:26]} Nc6 {[%clk 1:30:01]} 15. Qd3
{[%clk 1:24:51]} Rc8 {[%clk 1:29:42]} 16. Ba2 {[%clk 1:21:03]} Nd4
{[%clk 1:21:22]} 17. Rfd1 {[%clk 1:06:53]} Kg7 {[%clk 1:19:03]} 18. Ne3
{[%clk 0:43:56]} Qh4 {[%clk 1:10:19]} 19. Bd5 {[%clk 0:37:10]} Rc7
{[%clk 1:02:03]} 20. a5 {[%clk 0:32:13]} Kh7 {[%clk 0:55:49]} 21. Nc4
{[%clk 0:31:55]} Rfc8 {[%clk 0:53:03]} 22. b3 {[%clk 0:30:36]} Bf4
{[%clk 0:48:03]} 23. Ra4 {[%clk 0:28:30]} Bg4 {[%clk 0:48:01]} 24. Qf1
{[%clk 0:22:42]} Nf3+ {[%clk 0:44:26]} 25. Kh1 {[%clk 0:22:59]} Nd2
{[%clk 0:42:30]} 26. Rxd2 {[%clk 0:21:45]} Bxd2 {[%clk 0:42:55]} 27. Ne2
{[%clk 0:21:14]} Bh6 {[%clk 0:41:39]} 28. Rb4 {[%clk 0:14:02]} Rb8
{[%clk 0:41:31]} 29. Rb6 {[%clk 0:13:49]} Bf8 {[%clk 0:39:19]} 30. Nc3
{[%clk 0:12:20]} Kg7 {[%clk 0:39:25]} 31. Kg1 {[%clk 0:11:45]} Bd7
{[%clk 0:39:49]} 32. Qd3 {[%clk 0:11:26]} Qg5 {[%clk 0:39:46]} 33. Nxd6
{[%clk 0:06:44]} Qc1+ {[%clk 0:38:01]} 34. Kh2 {[%clk 0:07:08]} Qf4+
{[%clk 0:32:16]} 35. Kg1 {[%clk 0:07:08]} Bxd6 {[%clk 0:31:38]} 36. Rxd6
{[%clk 0:07:27]} Bb5 {[%clk 0:31:33]} 37. Nxb5 {[%clk 0:06:58]} axb5
{[%clk 0:32:01]} 38. g3 {[%clk 0:06:28]} Qc1+ {[%clk 0:29:39]} 39. Kg2
{[%clk 0:06:51]} Qa3 {[%clk 0:30:01]} 40. Rb6 {[%clk 0:35:58]} Qxa5
{[%clk 0:54:11]} 41. Rxb5 {[%clk 0:35:57]} Qc3 {[%clk 0:53:44]} 42. Bc4
{[%clk 0:35:01]} Qxd3 {[%clk 0:54:08]} 43. cxd3 {[%clk 0:34:36]} Re7
{[%clk 0:54:03]} 44. f4 {[%clk 0:33:11]} f6 {[%clk 0:53:30]} 45. Kf3
{[%clk 0:31:48]} Ra8 {[%clk 0:52:12]} 46. Bd5 {[%clk 0:31:19]} Ra2
{[%clk 0:51:06]} 47. h4 {[%clk 0:23:48]} Rd2 {[%clk 0:49:48]} 48. Bc4
{[%clk 0:23:54]} Rd1 {[%clk 0:49:47]} 49. Ke2 {[%clk 0:22:29]} Rh1
{[%clk 0:49:32]} 50. fxe5 {[%clk 0:21:53]} fxe5 {[%clk 0:49:59]} 51. Rb6
{[%clk 0:21:45]} Rh2+ {[%clk 0:48:55]} 52. Ke3 {[%clk 0:21:51]} Rg2
{[%clk 0:48:46]} 53. Kf3 {[%clk 0:22:13]} Rd2 {[%clk 0:48:39]} 54. b4
{[%clk 0:21:18]} Kh6 {[%clk 0:47:15]} 55. b5 {[%clk 0:20:16]} Re8
{[%clk 0:41:36]} 56. Rf6 {[%clk 0:18:33]} Re7 {[%clk 0:40:44]} 57. Rf8
{[%clk 0:17:04]} Kg7 {[%clk 0:39:40]} 58. Rg8+ {[%clk 0:17:23]} Kh6
{[%clk 0:39:51]} 59. Rc8 {[%clk 0:16:58]} Rb2 {[%clk 0:39:01]} 60. Rd8
{[%clk 0:16:03]} Kg7 {[%clk 0:38:57]} 61. Rd6 {[%clk 0:15:31]} Kh6
{[%clk 0:39:17]} 62. Rd8 {[%clk 0:15:03]} Kg7 {[%clk 0:39:43]} 63. Rb8
{[%clk 0:14:28]} Kh6 {[%clk 0:39:55]} 64. Rc8 {[%clk 0:14:48]} Kg7
{[%clk 0:40:06]} 65. Rc5 {[%clk 0:11:47]} Kh6 {[%clk 0:40:25]} 66. Ke3
{[%clk 0:11:36]} Rg2 {[%clk 0:40:29]} 67. Kf3 {[%clk 0:10:32]} Rb2
{[%clk 0:40:54]} 68. Rc8 {[%clk 0:10:16]} Kg7 {[%clk 0:40:47]} 69. Rg8+
{[%clk 0:10:30]} Kh6 {[%clk 0:41:12]} 70. Rd8 {[%clk 0:10:54]} Kg7
{[%clk 0:41:17]} 71. Rd6 {[%clk 0:11:14]} Kh6 {[%clk 0:41:01]} 72. Rb6
{[%clk 0:11:30]} Rd2 {[%clk 0:41:07]} 73. Ke3 {[%clk 0:10:49]} Rg2
{[%clk 0:41:31]} 74. Kf3 {[%clk 0:10:54]} Rd2 {[%clk 0:41:48]} 75. Ke3
{[%clk 0:10:13]} Rg2 {[%clk 0:42:12]} 1/2-1/2

[Event "World Chess Olympiad 2018"]
[Site "Batumi"]
[Date "2018.10.03"]
[Round "9"]
[Board "3"]
[WhiteFideId "4202694"]
[White "Mastrovasilis Dimitrios"]
[BlackFideId "14203987"]
[Black "Yakubboev Nodirbek"]
[Result "1/2-1/2"]
[LiveChessVersion "1.4.8"]
[BlackElo "2521"]
[WhiteElo "2594"]

1. e4 {[%clk 1:30:55]} e5 {[%clk 1:30:38]} 2. Nc3 {[%clk 1:31:03]} Nf6
{[%clk 1:30:14]} 3. d4 {[%clk 1:31:03]} d6 {[%clk 1:26:25]} 4. dxe5
{[%clk 1:30:56]} dxe5 {[%clk 1:26:53]} 5. Qxd8+ {[%clk 1:31:13]} Kxd8
{[%clk 1:27:22]} 6. Bc4 {[%clk 1:31:31]} Bb4 {[%clk 1:17:33]} 7. Bxf7
{[%clk 1:30:10]} Rf8 {[%clk 1:17:25]} 8. Bb3 {[%clk 1:30:22]} Nxe4
{[%clk 1:16:27]} 9. Nge2 {[%clk 1:30:39]} Bf5 {[%clk 1:07:05]} 10. Be3
{[%clk 1:19:42]} Nd7 {[%clk 1:03:39]} 11. O-O-O {[%clk 1:18:43]} Nxc3
{[%clk 1:02:31]} 12. Nxc3 {[%clk 1:18:13]} c6 {[%clk 1:00:42]} 13. Ne2
{[%clk 0:59:41]} Kc7 {[%clk 0:57:11]} 14. Ng3 {[%clk 0:58:58]} Bg6
{[%clk 0:55:51]} 15. c3 {[%clk 0:48:27]} Be7 {[%clk 0:54:36]} 16. Bc2
{[%clk 0:48:32]} Bxc2 {[%clk 0:52:15]} 17. Kxc2 {[%clk 0:48:51]} Nf6
{[%clk 0:48:26]} 18. Rhe1 {[%clk 0:46:03]} Nd5 {[%clk 0:46:13]} 19. Ne4
{[%clk 0:42:10]} Rad8 {[%clk 0:43:59]} 20. Rd3 {[%clk 0:32:36]} h6
{[%clk 0:41:40]} 21. Bd2 {[%clk 0:27:59]} b6 {[%clk 0:36:22]} 22. a3
{[%clk 0:25:42]} Bh4 {[%clk 0:33:21]} 23. c4 {[%clk 0:23:31]} Nf6
{[%clk 0:32:44]} 24. Rxd8 {[%clk 0:20:03]} Kxd8 {[%clk 0:30:48]} 25. g3
{[%clk 0:19:46]} Nxe4 {[%clk 0:30:18]} 26. Rxe4 {[%clk 0:20:03]} Be7
{[%clk 0:27:29]} 27. Be3 {[%clk 0:19:53]} Bf6 {[%clk 0:19:19]} 28. a4
{[%clk 0:19:15]} Kd7 {[%clk 0:17:19]} 29. a5 {[%clk 0:18:01]} Bg5
{[%clk 0:16:31]} 30. Bxg5 {[%clk 0:14:44]} hxg5 {[%clk 0:16:57]} 31. Rxe5
{[%clk 0:14:36]} Rxf2+ {[%clk 0:17:02]} 32. Kb3 {[%clk 0:13:21]} Rxh2
{[%clk 0:05:36]} 33. Rxg5 {[%clk 0:12:12]} Rg2 {[%clk 0:04:43]} 34. a6
{[%clk 0:08:00]} b5 {[%clk 0:03:48]} 35. Rxg7+ {[%clk 0:03:42]} Kd6
{[%clk 0:04:15]} 36. cxb5 {[%clk 0:02:47]} cxb5 {[%clk 0:04:20]} 37. Kc3
{[%clk 0:01:41]} Kc5 {[%clk 0:03:29]} 38. b4+ {[%clk 0:01:23]} Kd5
{[%clk 0:03:09]} 39. Kd3 {[%clk 0:01:15]} Ra2 {[%clk 0:01:30]} 40. Rg5+
{[%clk 0:31:05]} Ke6 {[%clk 0:31:55]} 41. Kd4 {[%clk 0:22:13]} Kf6
{[%clk 0:29:38]} 42. Rxb5 {[%clk 0:21:17]} Rxa6 {[%clk 0:30:05]} 43. Kc5
{[%clk 0:20:45]} Re6 {[%clk 0:26:47]} 44. Rb7 {[%clk 0:18:22]} Ra6
{[%clk 0:25:44]} 45. Rb5 {[%clk 0:13:55]} Re6 {[%clk 0:26:04]} 46. Rb7
{[%clk 0:12:11]} Ra6 {[%clk 0:26:30]} 47. Rc7 {[%clk 0:12:29]} Kf5
{[%clk 0:15:45]} 48. Kb5 {[%clk 0:09:52]} Ra3 {[%clk 0:15:05]} 49. Kc4
{[%clk 0:09:40]} Kg4 {[%clk 0:10:38]} 50. Rg7+ {[%clk 0:08:21]} Kf5
{[%clk 0:10:24]} 51. Kb5 {[%clk 0:06:53]} a6+ {[%clk 0:09:30]} 52. Kc4
{[%clk 0:06:50]} Ra1 {[%clk 0:08:55]} 53. Rd7 {[%clk 0:05:50]} Kg4
{[%clk 0:08:48]} 54. Rd3 {[%clk 0:05:39]} Ra4 {[%clk 0:07:23]} 55. Kb3
{[%clk 0:04:25]} Ra1 {[%clk 0:07:49]} 56. Rc3 {[%clk 0:02:36]} Kh3
{[%clk 0:07:43]} 57. Kb2 {[%clk 0:01:42]} Ra4 {[%clk 0:08:03]} 58. Kb3
{[%clk 0:01:31]} Ra1 {[%clk 0:08:32]} 59. Kc4 {[%clk 0:01:50]} Ra4
{[%clk 0:08:25]} 60. Kc5 {[%clk 0:01:59]} Kg4 {[%clk 0:08:29]} 61. Rd3
{[%clk 0:01:39]} Kh3 {[%clk 0:07:50]} 62. Rb3 {[%clk 0:01:07]} Kg4
{[%clk 0:08:03]} 63. Rb1 {[%clk 0:00:38]} Kxg3 {[%clk 0:08:06]} 64. Kc4
{[%clk 0:00:57]} a5 {[%clk 0:08:06]} 65. Kb5 {[%clk 0:01:14]} Rxb4+
{[%clk 0:08:30]} 66. Rxb4 {[%clk 0:01:37]} axb4 {[%clk 0:08:56]} 67. Kxb4 1/2-1/2

[Event "World Chess Olympiad 2018"]
[Site "Batumi"]
[Date "2018.10.03"]
[Round "9"]
[Board "4"]
[WhiteFideId "14200104"]
[White "Iuldachev Saidali"]
[BlackFideId "4212312"]
[Black "Pavlidis Antonios"]
[Result "1/2-1/2"]
[LiveChessVersion "1.4.8"]
[BlackElo "2552"]
[WhiteElo "2445"]

1. e4 {[%clk 1:30:57]} c5 {[%clk 1:30:43]} 2. Nf3 {[%clk 1:30:35]} e6
{[%clk 1:31:06]} 3. d4 {[%clk 1:30:22]} cxd4 {[%clk 1:31:31]} 4. Nxd4
{[%clk 1:30:47]} Nc6 {[%clk 1:31:52]} 5. Nc3 {[%clk 1:30:54]} Qc7
{[%clk 1:32:15]} 6. g3 {[%clk 1:30:40]} a6 {[%clk 1:30:41]} 7. Bg2
{[%clk 1:31:01]} Nf6 {[%clk 1:30:49]} 8. O-O {[%clk 1:31:17]} Nxd4
{[%clk 1:30:54]} 9. Qxd4 {[%clk 1:31:39]} Bc5 {[%clk 1:31:21]} 10. Bf4
{[%clk 1:29:39]} d6 {[%clk 1:31:46]} 11. Qd2 {[%clk 1:29:31]} h6 {[%clk 1:31:59]}
12. Rad1 {[%clk 1:28:23]} e5 {[%clk 1:31:22]} 13. Be3 {[%clk 1:28:46]} Bb4
{[%clk 1:31:48]} 14. Nb5 {[%clk 1:25:26]} axb5 {[%clk 1:31:56]} 15. Qxb4
{[%clk 1:25:51]} Rxa2 {[%clk 1:15:56]} 16. Rxd6 {[%clk 1:05:49]} O-O
{[%clk 1:16:13]} 17. Rd2 {[%clk 1:05:41]} Be6 {[%clk 1:01:26]} 18. Rfd1
{[%clk 0:58:36]} Qc4 {[%clk 0:56:18]} 19. Qxc4 {[%clk 0:58:07]} bxc4
{[%clk 0:55:27]} 20. c3 {[%clk 0:58:31]} Rfa8 {[%clk 0:38:58]} 21. Bc5
{[%clk 0:54:13]} Ra1 {[%clk 0:20:25]} 22. f3 {[%clk 0:53:37]} R8a2
{[%clk 0:17:15]} 23. Rxa1 {[%clk 0:50:10]} Rxa1+ {[%clk 0:17:41]} 24. Kf2
{[%clk 0:50:34]} Nd7 {[%clk 0:17:54]} 25. Ba3 {[%clk 0:50:24]} g5
{[%clk 0:17:50]} 26. Rd6 {[%clk 0:48:58]} Kg7 {[%clk 0:17:02]} 27. Bf1
{[%clk 0:45:00]} Rc1 {[%clk 0:17:30]} 28. Be2 {[%clk 0:39:05]} Rh1
{[%clk 0:16:21]} 29. Kg2 {[%clk 0:39:08]} Re1 {[%clk 0:16:47]} 30. Rd2
{[%clk 0:34:22]} g4 {[%clk 0:12:06]} 31. Bd6 {[%clk 0:25:49]} gxf3+
{[%clk 0:10:16]} 32. Bxf3 {[%clk 0:25:55]} Rb1 {[%clk 0:09:56]} 33. g4
{[%clk 0:22:41]} Rc1 {[%clk 0:07:52]} 34. Kg3 {[%clk 0:21:18]} Kh7
{[%clk 0:08:09]} 35. h3 {[%clk 0:19:18]} Rg1+ {[%clk 0:07:21]} 36. Kf2
{[%clk 0:18:05]} Rc1 {[%clk 0:07:45]} 37. Ke3 {[%clk 0:18:10]} Re1+
{[%clk 0:07:52]} 38. Kf2 {[%clk 0:17:51]} Rc1 {[%clk 0:08:17]} 39. Kg2
{[%clk 0:14:45]} Rb1 {[%clk 0:08:04]} 40. Ba3 {[%clk 0:43:10]} Rc1
{[%clk 0:37:45]} 41. Kf2 {[%clk 0:42:15]} Kg7 {[%clk 0:37:06]} 42. Bd6
{[%clk 0:40:04]} 1/2-1/2

[Event "World Chess Olympiad 2018"]
[Site "Batumi"]
[Date "2018.10.03"]
[Round "9"]
[Board "1"]
[WhiteFideId "4500261"]
[White "Kulaots Kaido"]
[BlackFideId "6302718"]
[Black "Yilmaz Mustafa"]
[Result "1-0"]
[LiveChessVersion "1.4.8"]
[BlackElo "2633"]
[WhiteElo "2542"]

1. e4 {[%clk 1:30:53]} c5 {[%clk 1:30:55]} 2. Nf3 {[%clk 1:31:09]} d6
{[%clk 1:31:20]} 3. d4 {[%clk 1:31:15]} cxd4 {[%clk 1:31:45]} 4. Nxd4
{[%clk 1:31:40]} Nf6 {[%clk 1:32:11]} 5. Nc3 {[%clk 1:32:03]} a6 {[%clk 1:32:39]}
6. h3 {[%clk 1:31:50]} e6 {[%clk 1:33:02]} 7. g4 {[%clk 1:32:09]} Be7
{[%clk 1:33:02]} 8. g5 {[%clk 1:31:36]} Nfd7 {[%clk 1:33:26]} 9. h4
{[%clk 1:31:54]} b5 {[%clk 1:33:33]} 10. a3 {[%clk 1:31:58]} Bb7 {[%clk 1:33:58]}
11. Be3 {[%clk 1:31:55]} Nc6 {[%clk 1:34:23]} 12. Qd2 {[%clk 1:30:08]} O-O
{[%clk 1:33:37]} 13. O-O-O {[%clk 1:30:23]} Nc5 {[%clk 1:33:10]} 14. f3
{[%clk 1:29:10]} Rb8 {[%clk 1:33:25]} 15. Kb1 {[%clk 1:28:41]} Qc7
{[%clk 1:25:24]} 16. h5 {[%clk 1:27:11]} b4 {[%clk 1:07:46]} 17. axb4
{[%clk 1:26:49]} Nxb4 {[%clk 1:04:31]} 18. g6 {[%clk 1:27:00]} Bf6
{[%clk 0:57:32]} 19. Bh3 {[%clk 1:26:50]} Qa5 {[%clk 0:45:05]} 20. Nb3
{[%clk 1:24:46]} Nxb3 {[%clk 0:43:22]} 21. cxb3 {[%clk 1:25:10]} Rfd8
{[%clk 0:31:36]} 22. Bd4 {[%clk 1:09:23]} e5 {[%clk 0:29:00]} 23. Ba7
{[%clk 1:01:14]} d5 {[%clk 0:25:46]} 24. gxf7+ {[%clk 0:57:13]} Kxf7
{[%clk 0:22:30]} 25. Bxb8 {[%clk 0:54:44]} Rxb8 {[%clk 0:22:11]} 26. h6
{[%clk 0:37:57]} g6 {[%clk 0:15:14]} 27. Qe2 {[%clk 0:35:13]} d4 {[%clk 0:08:54]}
28. Na4 {[%clk 0:21:38]} Bc6 {[%clk 0:08:49]} 29. Qc4+ {[%clk 0:20:33]} Kf8
{[%clk 0:09:16]} 30. Qe6 {[%clk 0:18:30]} Be7 {[%clk 0:06:26]} 31. Rc1
{[%clk 0:09:43]} Be8 {[%clk 0:06:54]} 32. Rc5 {[%clk 0:09:30]} Qd8
{[%clk 0:02:28]} 33. Qxe5 {[%clk 0:08:41]} Bf6 {[%clk 0:02:55]} 34. Qc7
{[%clk 0:06:41]} Bf7 {[%clk 0:03:24]} 35. Qxd8+ {[%clk 0:05:30]} Rxd8
{[%clk 0:03:52]} 36. Nb6 {[%clk 0:03:19]} Be7 {[%clk 0:00:48]} 37. Rc8
{[%clk 0:02:45]} Bxb3 {[%clk 0:00:39]} 38. Rxd8+ {[%clk 0:00:47]} Bxd8
{[%clk 0:01:08]} 39. Nd5 {[%clk 0:00:53]} Nxd5 {[%clk 0:00:40]} 40. exd5
{[%clk 0:31:13]} Bg5 {[%clk 0:30:32]} 41. Bf1 {[%clk 0:24:57]} a5
{[%clk 0:24:01]} 42. d6 {[%clk 0:21:17]} Bf4 {[%clk 0:18:48]} 43. Bd3
{[%clk 0:19:21]} Bf7 {[%clk 0:15:06]} 44. Rh4 {[%clk 0:15:21]} Bxd6
{[%clk 0:15:02]} 45. Rxd4 {[%clk 0:15:43]} Bc5 {[%clk 0:12:59]} 46. Re4
{[%clk 0:14:17]} Bb4 {[%clk 0:08:49]} 47. Kc2 {[%clk 0:09:51]} Be8
{[%clk 0:09:00]} 48. Bc4 {[%clk 0:08:56]} Bd6 {[%clk 0:04:25]} 49. Re6
{[%clk 0:08:51]} Bc5 {[%clk 0:04:34]} 50. Ra6 {[%clk 0:08:17]} a4
{[%clk 0:04:25]} 51. Kd3 {[%clk 0:07:06]} Ke7 {[%clk 0:01:29]} 52. Ke4
{[%clk 0:07:09]} Kf8 {[%clk 0:01:14]} 53. Ra8 {[%clk 0:05:20]} Ke7
{[%clk 0:01:42]} 54. Rb8 {[%clk 0:05:09]} Bc6+ {[%clk 0:00:59]} 55. Bd5
{[%clk 0:05:20]} Bd7 {[%clk 0:01:17]} 56. Rh8 {[%clk 0:03:26]} Kf6
{[%clk 0:01:22]} 57. f4 {[%clk 0:02:44]} g5 {[%clk 0:01:13]} 58. fxg5+
{[%clk 0:02:12]} Kxg5 {[%clk 0:01:41]} 59. Ke5 {[%clk 0:01:53]} a3
{[%clk 0:01:04]} 60. bxa3 {[%clk 0:01:47]} Bxa3 {[%clk 0:01:24]} 61. Rxh7
{[%clk 0:01:53]} Bb2+ {[%clk 0:00:41]} 62. Kd6 {[%clk 0:02:17]} Bf5
{[%clk 0:01:04]} 63. Rb7 {[%clk 0:02:19]} Bh8 {[%clk 0:00:38]} 64. h7
{[%clk 0:00:37]} Kh6 {[%clk 0:01:07]} 65. Bg8 {[%clk 0:00:41]} Bc3
{[%clk 0:00:39]} 66. Rb3 {[%clk 0:00:43]} Bh8 {[%clk 0:00:37]} 67. Ke7
{[%clk 0:00:44]} Bc2 {[%clk 0:00:34]} 68. Rh3+ {[%clk 0:01:00]} Kg6
{[%clk 0:00:55]} 69. Rg3+ {[%clk 0:00:58]} Kh6 {[%clk 0:01:22]} 70. Kf8
{[%clk 0:01:09]} Bf5 {[%clk 0:01:25]} 71. Rg2 {[%clk 0:01:24]} Be4
{[%clk 0:00:41]} 72. Rh2+ {[%clk 0:01:40]} Kg5 {[%clk 0:00:41]} 73. Bf7
{[%clk 0:01:53]} Kf4 {[%clk 0:00:46]} 74. Kg8 {[%clk 0:01:59]} Kg3
{[%clk 0:01:10]} 75. Rh6 {[%clk 0:02:15]} 1-0

[Event "World Chess Olympiad 2018"]
[Site "Batumi"]
[Date "2018.10.03"]
[Round "9"]
[Board "2"]
[WhiteFideId "916811"]
[White "Solak Dragan"]
[BlackFideId "4500024"]
[Black "Ladva Ottomar"]
[Result "1/2-1/2"]
[LiveChessVersion "1.4.8"]
[BlackElo "2500"]
[WhiteElo "2609"]

1. e4 {[%clk 1:30:57]} e5 {[%clk 1:30:57]} 2. Nf3 {[%clk 1:31:21]} Nf6
{[%clk 1:31:24]} 3. Nxe5 {[%clk 1:31:39]} d6 {[%clk 1:31:51]} 4. Nf3
{[%clk 1:32:04]} Nxe4 {[%clk 1:32:16]} 5. Nc3 {[%clk 1:32:13]} Nxc3
{[%clk 1:32:42]} 6. dxc3 {[%clk 1:32:36]} Be7 {[%clk 1:33:05]} 7. Be3
{[%clk 1:32:40]} Nc6 {[%clk 1:33:31]} 8. Bc4 {[%clk 1:32:44]} O-O
{[%clk 1:33:30]} 9. Qd2 {[%clk 1:24:10]} Ne5 {[%clk 1:12:19]} 10. Nxe5
{[%clk 1:24:24]} dxe5 {[%clk 1:12:46]} 11. O-O-O {[%clk 1:24:44]} Qxd2+
{[%clk 1:11:04]} 12. Rxd2 {[%clk 1:25:10]} b6 {[%clk 0:55:42]} 13. Bd5
{[%clk 1:11:09]} Rb8 {[%clk 0:56:05]} 14. b4 {[%clk 1:11:21]} a5 {[%clk 0:51:48]}
15. a3 {[%clk 1:08:13]} Bd6 {[%clk 0:43:27]} 16. Kb2 {[%clk 1:05:13]} Bb7
{[%clk 0:42:12]} 17. Kb3 {[%clk 1:02:23]} Bxd5+ {[%clk 0:41:37]} 18. Rxd5
{[%clk 1:02:49]} f5 {[%clk 0:41:39]} 19. f3 {[%clk 1:01:42]} Kf7 {[%clk 0:41:43]}
20. Rhd1 {[%clk 1:01:27]} Ke6 {[%clk 0:41:55]} 21. Kc4 {[%clk 0:59:49]} Rfc8
{[%clk 0:28:38]} 22. a4 {[%clk 0:48:03]} Ra8 {[%clk 0:27:56]} 23. Kb3
{[%clk 0:47:01]} Rd8 {[%clk 0:19:52]} 24. Rb5 {[%clk 0:42:16]} f4
{[%clk 0:16:18]} 25. Bf2 {[%clk 0:38:00]} g5 {[%clk 0:14:40]} 26. Re1
{[%clk 0:22:52]} Kf6 {[%clk 0:15:05]} 27. h4 {[%clk 0:18:46]} h6 {[%clk 0:11:34]}
28. g4 {[%clk 0:18:08]} Ra6 {[%clk 0:07:10]} 29. Rd5 {[%clk 0:16:09]} Raa8
{[%clk 0:03:02]} 30. b5 {[%clk 0:10:48]} Bc5 {[%clk 0:02:51]} 31. hxg5+
{[%clk 0:09:41]} hxg5 {[%clk 0:03:20]} 32. Rdxe5 {[%clk 0:04:38]} Bxf2
{[%clk 0:03:47]} 33. Rf5+ {[%clk 0:04:55]} Kg6 {[%clk 0:03:31]} 34. Re6+
{[%clk 0:05:17]} Kg7 {[%clk 0:03:15]} 35. Re7+ {[%clk 0:03:50]} Kg6
{[%clk 0:02:06]} 36. Re6+ {[%clk 0:03:39]} Kg7 {[%clk 0:02:28]} 37. Re7+
{[%clk 0:01:42]} Kg6 {[%clk 0:02:53]} 38. Re6+ {[%clk 0:01:08]} Kg7
{[%clk 0:03:21]} 39. Re7+ {[%clk 0:01:18]} Kg6 {[%clk 0:03:47]} 40. Re6+
{[%clk 0:31:41]} 1/2-1/2

[Event "World Chess Olympiad 2018"]
[Site "Batumi"]
[Date "2018.10.03"]
[Round "9"]
[Board "3"]
[WhiteFideId "4501950"]
[White "Volodin Aleksandr"]
[BlackFideId "6300014"]
[Black "Dastan Muhammed Batuhan"]
[Result "1/2-1/2"]
[LiveChessVersion "1.4.8"]
[BlackElo "2569"]
[WhiteElo "2457"]

1. d4 {[%clk 1:30:57]} d5 {[%clk 1:30:55]} 2. c4 {[%clk 1:31:22]} c6
{[%clk 1:31:22]} 3. Nf3 {[%clk 1:29:46]} Nf6 {[%clk 1:31:47]} 4. e3
{[%clk 1:29:59]} a6 {[%clk 1:32:11]} 5. Nc3 {[%clk 1:23:07]} b5 {[%clk 1:32:34]}
6. b3 {[%clk 1:21:38]} Bg4 {[%clk 1:32:58]} 7. Be2 {[%clk 1:20:41]} e6
{[%clk 1:33:12]} 8. O-O {[%clk 1:19:17]} Nbd7 {[%clk 1:33:35]} 9. h3
{[%clk 1:19:00]} Bf5 {[%clk 1:33:18]} 10. Bd3 {[%clk 1:05:32]} Bxd3
{[%clk 1:33:10]} 11. Qxd3 {[%clk 1:05:56]} Be7 {[%clk 1:29:25]} 12. e4
{[%clk 0:47:04]} dxc4 {[%clk 1:03:42]} 13. bxc4 {[%clk 0:43:39]} b4
{[%clk 1:04:07]} 14. e5 {[%clk 0:37:54]} bxc3 {[%clk 1:04:08]} 15. exf6
{[%clk 0:38:20]} Bxf6 {[%clk 1:04:15]} 16. Qxc3 {[%clk 0:34:45]} c5
{[%clk 1:03:59]} 17. Ba3 {[%clk 0:33:19]} O-O {[%clk 1:02:51]} 18. Rad1
{[%clk 0:30:58]} Re8 {[%clk 0:58:33]} 19. Qe3 {[%clk 0:29:40]} cxd4
{[%clk 0:53:00]} 20. Nxd4 {[%clk 0:30:08]} Qa5 {[%clk 0:35:24]} 21. Nc6
{[%clk 0:21:17]} Qc7 {[%clk 0:24:13]} 22. Rd6 {[%clk 0:19:47]} Nb6
{[%clk 0:23:36]} 23. Qe4 {[%clk 0:19:24]} Bb2 {[%clk 0:17:19]} 24. Bb4
{[%clk 0:12:45]} a5 {[%clk 0:17:08]} 25. Nxa5 {[%clk 0:07:44]} Rxa5
{[%clk 0:17:33]} 26. Qc6 {[%clk 0:07:45]} Qxc6 {[%clk 0:17:48]} 27. Rxc6
{[%clk 0:08:14]} Ra6 {[%clk 0:15:11]} 28. c5 {[%clk 0:01:34]} Nd5
{[%clk 0:15:20]} 29. Rxa6 {[%clk 0:01:56]} Nxb4 {[%clk 0:15:48]} 30. Rb6
{[%clk 0:02:07]} Bc3 {[%clk 0:11:37]} 31. Rc1 {[%clk 0:01:45]} Nd5
{[%clk 0:11:44]} 32. Rd6 {[%clk 0:01:27]} Be5 {[%clk 0:10:51]} 33. Rd7
{[%clk 0:01:35]} Rc8 {[%clk 0:09:32]} 34. g3 {[%clk 0:01:43]} Kf8
{[%clk 0:09:06]} 35. c6 {[%clk 0:01:49]} g5 {[%clk 0:05:30]} 36. Kg2
{[%clk 0:00:39]} Bc7 {[%clk 0:03:16]} 37. Rb1 {[%clk 0:00:35]} h5
{[%clk 0:00:47]} 38. Rb7 {[%clk 0:00:40]} Kg7 {[%clk 0:00:55]} 39. a4
{[%clk 0:00:44]} Kf6 {[%clk 0:00:37]} 40. a5 {[%clk 0:30:48]} Bxa5
{[%clk 0:30:54]} 41. Rxf7+ {[%clk 0:30:58]} Ke5 {[%clk 0:30:34]} 42. Rh7
{[%clk 0:25:55]} Rxc6 {[%clk 0:28:38]} 43. Rxh5 {[%clk 0:25:48]} Bd2
{[%clk 0:29:01]} 44. Rb2 {[%clk 0:24:02]} Bc1 {[%clk 0:24:54]} 45. Re2+
{[%clk 0:24:30]} Kf6 {[%clk 0:25:00]} 46. Rh6+ {[%clk 0:21:56]} Kf7
{[%clk 0:25:29]} 47. Rh7+ {[%clk 0:21:27]} Kg6 {[%clk 0:25:51]} 48. Ra7
{[%clk 0:21:02]} Kf6 {[%clk 0:23:41]} 49. Ra8 {[%clk 0:20:00]} Rb6
{[%clk 0:23:08]} 50. Ra1 {[%clk 0:19:38]} Rc6 {[%clk 0:22:45]} 51. Raa2
{[%clk 0:16:48]} Nb4 {[%clk 0:21:59]} 52. Ra8 {[%clk 0:16:27]} Nd3
{[%clk 0:16:08]} 53. Rf8+ {[%clk 0:15:40]} Ke7 {[%clk 0:16:17]} 54. Rb8
{[%clk 0:15:23]} Bf4 {[%clk 0:12:06]} 55. gxf4 {[%clk 0:14:35]} Nxf4+
{[%clk 0:12:30]} 56. Kf3 {[%clk 0:14:53]} Nxe2 {[%clk 0:12:52]} 57. Kxe2
{[%clk 0:15:21]} Rc3 {[%clk 0:13:14]} 58. Rh8 {[%clk 0:15:32]} Kf6
{[%clk 0:13:43]} 59. Kf1 {[%clk 0:15:42]} Kg7 {[%clk 0:13:52]} 60. Re8
{[%clk 0:16:02]} 1/2-1/2